Etické kodexy univerzit a vysokých škol

Etické kódexy ako najrozšírenejšie nástroje etického riadenia. V kontexte skúseností zo zahraničia článok uvádza prvé dielčie empirické poznatky o využívaní kódexov v ČR. Autorka sa zameriava na terciárne vzdelávanie. Článok je jedným z výstupov VŠEM - Etika v řízení vysokých škol, ktorého cieľom je...

Descrizione completa

Salvato in:
Dettagli Bibliografici
Autore principale: Bohatá, Marie
Natura: Capitolo di libro
Lingua:ceco
Soggetti:
Tags: Aggiungi Tag
Nessun Tag, puoi essere il primo ad aggiungerne!!

MARC

LEADER 00000nla a2200000 4500
001 0236744
005 20240417075127.4
041 0 |a cze 
044 |a CZ 
245 1 0 |a Etické kodexy univerzit a vysokých škol  |c Marie Bohatá 
520 |a Etické kódexy ako najrozšírenejšie nástroje etického riadenia. V kontexte skúseností zo zahraničia článok uvádza prvé dielčie empirické poznatky o využívaní kódexov v ČR. Autorka sa zameriava na terciárne vzdelávanie. Článok je jedným z výstupov VŠEM - Etika v řízení vysokých škol, ktorého cieľom je dať podnet k vypracovaniu etickej politiky českých vysokých škôl. 
610 2 0 |a školy vysoké 
610 2 0 |a vzdelávanie terciárne 
610 2 0 |a kódexy etické 
610 2 0 |a Česko 
100 1 |a Bohatá, Marie